Statistics for Premier League Player Achievements 22/23

Click here to take the quiz!

General Stats

  • This quiz has been taken 33 times
  • The average score is 17 of 34

Answer Stats

Achievements#Leader% Correct
Assists16Kevin De Bruyne
100%
Assists/90'0.60Kevin De Bruyne
100%
Expected Assists14.1Kevin De Bruyne
100%
Goals36Erling Haaland
93%
Goals + Assists44Erling Haaland
93%
Goals + Assists/90'1.43Erling Haaland
93%
Penalty Kicks Made7Erling Haaland
93%
Non-Penalty Goals29Erling Haaland
93%
Expected Goals28.4Erling Haaland
93%
Goals/90'1.17Erling Haaland
93%
Progressive Passes266Martin Ødegaard
63%
Clean Sheets17David de Gea
60%
Minutes3420David de Gea
60%
Carries into Penalty Area87Mohamed Salah
60%
Shot-Creating Actions219Bruno Fernandes
53%
Key Passes119Bruno Fernandes
53%
Progressive Carries179Bukayo Saka
53%
Shots Total124Harry Kane
53%
Red Cards2Casemiro
47%
Saves154David Raya
37%
Minutes3420David Raya
37%
Minutes3420Aaron Ramsdale
27%
Shots Total/90'4.46Darwin Núñez
23%
Tackles147João Palhinha
23%
Tackles Won83João Palhinha
23%
Yellow Cards14João Palhinha
23%
Minutes3420James Tarkowski
13%
Blocks99James Tarkowski
13%
Shots on target %64.1Roberto Firmino
13%
Interceptions63Declan Rice
10%
Passes into Penalty Area97Kieran Trippier
10%
Fouls Committed65Joelinton
7%
Fouls Committed65Moisés Caicedo
7%
Pass Completion %93.1Victor Lindelöf
0%

Score Distribution

Percentile by Number Answered

Percent of People with Each Score

Your Score History

You have not taken this quiz